| 000 | 00675nam a22002417a 4500 | ||
|---|---|---|---|
| 001 | 000008643 | ||
| 005 | 20200929161358.0 | ||
| 008 | 920427s1991 sp 000 0 spa | ||
| 010 | _a92152268 | ||
| 020 | _a8472231887 | ||
| 040 |
_aDO-SdBNP _cDLC |
||
| 082 |
_a863.64 _bG752t, 1991 |
||
| 100 | 1 |
_aGrandes, Almudena, _d1960- _912651 |
|
| 245 | 1 | 0 |
_aTe llamare Viernes / _cAlmudena Grandes. |
| 250 | _a3a ed. | ||
| 260 |
_aBarcelona : _bTusquets, _c1991. |
||
| 300 |
_a360 p. ; _c21 cm. |
||
| 490 | 1 |
_aAndanzas _v136 |
|
| 650 | 4 |
_aNovela española _91123 |
|
| 650 | 4 |
_aLiteratura española _9632 |
|
| 830 | 0 |
_aAndanzas _v136 _918113 |
|
| 910 | _aCatalogación por copia / LC | ||
| 999 |
_c8413 _d8413 |
||